| 000 | 00947nas a2200277 4500 | ||
|---|---|---|---|
| 001 | BR2016004886 | ||
| 003 | BR-BrBNA | ||
| 005 | 20231205130757.0 | ||
| 007 | ta | ||
| 008 | 230509b bl.|||p| |||| 00| 00por d | ||
| 040 |
_aBR-BrBNA _bpor _cBiblioteca Nacional de Agricultura |
||
| 041 | _a(Pt) | ||
| 072 | _aM12; P01 | ||
| 100 | 1 | _aHoffmann, A.C. | |
| 100 | 1 | _aOrsi, M.L. | |
| 100 | 1 | _aShibatta, O.A. | |
| 245 | 1 | _aDiversidade de peixes do reservatório da UHE Escola Engenharia Mackenzie (Capivara), Rio Paranapanema, bacia do alto rio Paraná, Brasil, e a importância dos grandes tributários na sua manutenção | |
| 650 | _aPEIXE DE ÁGUA DOCE | ||
| 650 | _aBARRAGEM | ||
| 650 | _aESPÉCIE | ||
| 650 | _aIMPACTO AMBIENTAL | ||
| 650 | _aHIDRELÉTRICA | ||
| 773 | 0 |
_tIheringia - Série Zoologia (Brazil) _xISSN 0073-4721 _g, v. 95(3) p. 318-325 _wBR2016004886 |
|
| 909 |
_a202311 _bLúcia _c55 _dLúcia Elande |
||
| 942 |
_2AGRIS _n0 _cANA |
||
| 999 |
_c251164 _d251164 |
||